| 000 -LEADER |
| fixed length control field |
00970nam a22002297a 4500 |
| 005 - DATE AND TIME OF LATEST TRANSACTION |
| control field |
20250731122408.0 |
| 008 - FIXED-LENGTH DATA ELEMENTS--GENERAL INFORMATION |
| fixed length control field |
250731s2019 en ||||| |||| 00| 0 eng d |
| 020 ## - INTERNATIONAL STANDARD BOOK NUMBER |
| International Standard Book Number |
9780702072130 X |
| 041 ## - LANGUAGE CODE |
| Language code of text/sound track or separate title |
eng |
| 080 ## - UNIVERSAL DECIMAL CLASSIFICATION NUMBER |
| Universal Decimal Classification number |
61 L-84 |
| 100 ## - MAIN ENTRY--PERSONAL NAME |
| Personal name |
Lloyd, Margaret |
| 9 (RLIN) |
25713 |
| 245 ## - TITLE STATEMENT |
| Title |
Clinical communication skills for medicine / |
| Statement of responsibility, etc. |
Margaret Lloyd, Robert Bor, Lorraine M. Noble |
| 250 ## - EDITION STATEMENT |
| Edition statement |
Fourth edition |
| 264 ## - PRODUCTION, PUBLICATION, DISTRIBUTION, MANUFACTURE, AND COPYRIGHT NOTICE |
| Place of production, publication, distribution, manufacture |
Edinburgh: |
| Name of producer, publisher, distributor, manufacturer |
Elsevier, |
| Date of production, publication, distribution, manufacture, or copyright notice |
2019. |
| 300 ## - PHYSICAL DESCRIPTION |
| Extent |
170 p.: |
| Other physical details |
ill; |
| Dimensions |
23 cm. |
| 653 ## - INDEX TERM--UNCONTROLLED |
| keyword |
The purpose of this book is to produce a practical guide to the learning and development of communication skills that is of value to students throughout their careers. The order of the chapters |
| 653 ## - INDEX TERM--UNCONTROLLED |
| keyword |
კლინიკური კომუნიკაციის უნარები მედიცინაში |
| 653 ## - INDEX TERM--UNCONTROLLED |
| keyword |
მედიცინა |
| 700 ## - ADDED ENTRY--PERSONAL NAME |
| Personal name |
Bor, Robert |
| 9 (RLIN) |
25714 |
| 700 ## - ADDED ENTRY--PERSONAL NAME |
| Personal name |
M. Noble, Lorraine |
| 9 (RLIN) |
25715 |
| 942 ## - ADDED ENTRY ELEMENTS (KOHA) |
| Source of classification or shelving scheme |
|
| Koha item type |
წიგნი |